000 00297nam a2200109Ia 4500
008 171211s9999 xx 000 0 und d
245 _aSmile to Your Heart Meditations
245 _cIrmansyah Effendi
260 _c2010
650 _xFITNESS
856 _uhttp://down.ebook777.com/061/1569758158.pdf
999 _c349093
_d349093